Financial market and derivatives (Record no. 4037)

MARC details
000 -LEADER
fixed length control field 00407nam a22001457a 4500
008 - FIXED-LENGTH DATA ELEMENTS--GENERAL INFORMATION
fixed length control field 250701b |||||||| |||| 00| 0 eng d
020 ## - INTERNATIONAL STANDARD BOOK NUMBER
ISBN 9789789816705
100 ## - MAIN ENTRY--AUTHOR
Author Oyedokun E. Godwin
245 ## - TITLE STATEMENT
Title Financial market and derivatives
260 ## - PUBLICATION, DISTRIBUTION, ETC. (IMPRINT)
Place of publication Ikeja
Name of publisher Oge business school publisher
Date of publication 2020
300 ## - COLLATION
Pagination xx, 284 p.
Other physical details ill
650 ## - TRACINGS
Main Subject Financial institutions
942 ## - ADDED ENTRY ELEMENTS (KOHA)
Item type Books
050 ## - LIBRARY OF CONGRESS CALL NUMBER
Classification number HG6024.A3
Item number .O94
Holdings
Source of classification or shelving scheme Not for loan Permanent location Current location Date acquired Accession No. Full call number Barcode. Koha item type
Library of Congress Classification   Samuel Ogbemudia Main Library, University of Abuja Samuel Ogbemudia Main Library, University of Abuja 07/01/2025 2025/65041 HG6024.A3.O94 2025-2756 Books